00979nam a2200217 a 450000100060000000300080000600500170001400800410003102000170007203500190008904000440010804100080015208200200016010000590018024502280023926000750046730000460054250400850058865000600067365000280073329048BD-RjUL20211209051350.0140402s1996 bg b 001 0 bendd c: Tk. 150.00 a(BD-RjUL)29133 aBD-RjULcBD-RjULdBD-RjULdBD-RjULbben1 aben a327.1bAKA 19961 aআকরামুজ্জামান, মোঃ 10aআন্তর্জাতিক সম্পর্ক ও বর্তমান বিশ্ব রাজনীতি = International Relations & the World Politics /cমোঃ আকরামুজ্জামান aঢাকা:bসারথী প্রকাশনী,c১৯৯৬ a২৪৬ পৃ. ;c২১ সেমি. aনির্বাচিত গ্রন্থসমূহ সংযুক্ত aআন্তর্জাতিক সম্পর্ক aInternational Relations